Principles of Refrigeration (Record no. 1234)

MARC details
000 -LEADER
fixed length control field 00413nam a22001577a 4500
005 - DATE AND TIME OF LATEST TRANSACTION
control field 20160520170139.0
008 - FIXED-LENGTH DATA ELEMENTS--GENERAL INFORMATION
fixed length control field 160520b xxu||||| |||| 00| 0 eng d
041 ## - LANGUAGE CODE
Language code of text/sound track or separate title eng
082 ## - DEWEY DECIMAL CLASSIFICATION NUMBER
Item number 3629
100 ## - MAIN ENTRY--AUTHOR NAME
Personal name R. Warran Marsh C. Thomas Olive
245 ## - TITLE STATEMENT
Title Principles of Refrigeration
260 ## - PUBLICATION, DISTRIBUTION, ETC. (IMPRINT)
Name of publisher D.B. Tarapare vala sons & co (p) Ltd.
Year of publication 1971
300 ## - PHYSICAL DESCRIPTION
Number of Pages 358
650 ## - SUBJECT ADDED ENTRY--TOPICAL TERM
Topical Term DIPLOMA ENGINEERING
942 ## - ADDED ENTRY ELEMENTS (KOHA)
Koha item type Books
Holdings
Lost status Damaged status Home library Current library Shelving location Date acquired Full call number Accession Number Koha item type
    JRU Library   SHELF-44-L 20/05/2016 3629 3629 Books